000 00996nam a22002657a 4500
001 21218
003 UA-OsUOA
005 20200811195024.0
007 ta
008 20031124b un ||||| |||| 00| 0 ukr d
020 _a9667018245
040 _aUA-OsUOA
_bukr
_cUA-OsUOA
_dUA-OsUOA
041 _aukr
044 _aUA
080 _a94(477)
090 _a94(477)
_bШ96
100 _aШумук Д.
245 _aПережите і передумане: спогади й роздуми українського дисидента-політв'язня з років блукань і боротьби під трьома окупаціями України 1921-1981рр.
260 _aК.
_bВид-во ім. О. Теліги
_c1998
300 _a432 с.
650 7 _2UDC
_a82 Література. Літературознавство
942 _cBK
_2udc
955 _a0
999 _c307411
_d307411